Cestovný ruch v nových členských štátoch po vstupe do Európskej únie

Zmeny v sektore cestovného ruchu po vstupe prístupových krajín do EÚ. Vedecká konferencia na tému "Cestovný ruch v nových členských štátoch po vstupe do Európskej únie" konaná na Slovensku v dňoch 23.-24. apríla 2004. Závery a odporúčania z rokovania konferencie.

Guardado en:
Detalles Bibliográficos
Autor principal: Gúčik, Marián
Formato: Capítulo de libro
Lenguaje:eslovaco
Materias:
Etiquetas: Agregar Etiqueta
Sin Etiquetas, Sea el primero en etiquetar este registro!

MARC

LEADER 00000naa$a2200000$$$4500
001 0012243
005 20231016071613.5
041 0 |a slo 
044 |a SK 
245 1 0 |a Cestovný ruch v nových členských štátoch po vstupe do Európskej únie  |c Marian Gúčik 
520 |a Zmeny v sektore cestovného ruchu po vstupe prístupových krajín do EÚ. Vedecká konferencia na tému "Cestovný ruch v nových členských štátoch po vstupe do Európskej únie" konaná na Slovensku v dňoch 23.-24. apríla 2004. Závery a odporúčania z rokovania konferencie. 
610 2 0 |a ruch cestovný 
610 2 0 |a politika ruchu cestovného 
610 2 0 |a konkurencieschopnosť 
610 2 0 |a konferencie 
610 2 0 |a Slovensko 
610 2 0 |a Európska únia 
100 1 |a Gúčik, Marián